000 00528nam a2200193 a 4500
001 1766310660390
003 YourLibrary
005 20251222104447.0
008 251221s2005##################000#0#eng##
020 _a9780521619196
082 0 4 _a262.9415
_bWAT
100 1 _aWatt, J. A.,
_eauthor.
245 1 0 _aThe Church and the Two Nations in Medieval Ireland :
260 _bCambridge University Press,
_c2005.
300 _a272 pages
650 0 _aHistory.
942 _cENGLISH
040 _aYourLibrary
_beng
_cYourLibrary
999 _c603539
_d603539